000 02486nam0a2200409 4500
001 RU\NLR\BIBL_A\011899434
005 20190327144120.0
010 _a978-5-00118-094-4
_920
021 _aRU
_bКН-П-18-090342
_9КН-П-18-6568
035 _a(NLR Aleph) 011899434
035 _a(RuMoRGB)009820102
090 _a10874844
_c10874844
100 _a20181224d2018 k y0rusy50 ca
101 0 _arus
102 _aRU
105 _aa|||z|||100z0
200 1 _aСообщество профессиональной поддержки молодых преподавателей "Бастау"
_eсборник семинаров системы повышения квалификации для педагогических работников с высшим образованием
_fНазарбаев интеллектуальная школа
_g[редактор: Амирова Б.М.]
210 _aКазань
_cБук
_d2018
215 _a71, [2] с.
_cил., табл.
_d21
320 _aБиблиогр. в тексте
601 0 2 _a"Бастау", сообщество профессиональной поддержки молодых преподавателей
_cКазахстан
_92402569
_3RU\NLR\AUTH\6601651687
606 1 _aУчителя
_jСборники
_xПовышение квалификации
_yКазахстан, Республика
_92402573
_3RU\NLR\AUTH\6601651689
610 0 _aметодическая поддержка
610 0 _aмолодые учителя
686 1 _aЧ30е(5Каз)л5
686 1 _aЧ421.467
686 1 _aЧ489.514(5Каз)78я43
702 1 _aАмирова
_bБ. М.
_gБахыт Мырзатаевна
_4340
711 0 2 _a"Бастау", сообщество профессиональной поддержки молодых преподавателей
_cКазахстан
_9643960
_3RU\NLR\AUTH\880491935
711 0 2 _aСеминар системы повышения квалификации для педагогических работников с высшим образованием
_cКазахстан
_9643958
_3RU\NLR\AUTH\880491934
712 0 2 _4570
_aНазарбаев Интеллектуальная школа химико-биологического направления
_cПавлодар
_9643964
_3RU\NLR\AUTH\880491937
942 _cBOOK
980 _aNBR
980 _aNB